00494nam a2200109Ia 4500008004100000050002400041100002600065245017500091260008600266300002000352521001200372140724s9999 xx 000 0 und d aRM 735b.Ad221 2008 aAdan, Steve Randolph. 2aA study of the compliance rate of low income primigravidas at a Las Piñas City community :ba development of an improved health teaching program /cSteve Randolph Adan. aLas Piñas, Philippines :bSouthville International School and Colleges,cc2008. a99 p. :c28 cm. aNursing